Tribunals of inquiry (Record no. 429854)

000 -LEADER
fixed length control field 00366cam a22001217a 4500
008 - FIXED-LENGTH DATA ELEMENTS--GENERAL INFORMATION
fixed length control field 180718b1967 xxu||||| |||| 00| 0 eng d
082 ## - DEWEY DECIMAL CLASSIFICATION NUMBER
Classification number I92x42 Sa35
100 ## - MAIN ENTRY--PERSONAL NAME
Personal name Salmon, Cyril
245 ## - TITLE STATEMENT
Title Tribunals of inquiry
Statement of responsibility, etc. by Cyril Salmon
260 ## - PUBLICATION, DISTRIBUTION, ETC.
Place of publication, distribution, etc. Jerusalem
Name of publisher, distributor, etc. Magnes Press, Hebrew University
Date of publication, distribution, etc. 1967
300 ## - PHYSICAL DESCRIPTION
Extent 23p
650 ## - SUBJECT ADDED ENTRY--TOPICAL TERM
Topical term or geographic name entry element Governmental investigations --Great Britain
Holdings
Withdrawn status Lost status Damaged status Not for loan Permanent Location Current Location Date acquired Full call number Barcode Date last seen Price effective from Koha item type
        Indian Institute of Public Administration Indian Institute of Public Administration 2010-01-05 I92x42 Sa35 43687 2018-07-21 2018-07-21 Book

Powered by Koha